Score 0/20 Timer 03:00
4 Plays Today
% Correct
Rays
97.1%
Rome
96.5%
Reds
94.4%
Radon
84.2%
Rocky
81.8%
Rabat
81.2%
Ronin
79.1%
Rangers
75.6%
Robocop
74%
Rockies
65.4%
% Correct
Rockets
63.3%
Raiders
58.9%
Radium
51.6%
Ratatouille
38.7%
Reykjavik
38.4%
Riyadh
38.2%
Rhodium
36.1%
Rhenium
24.2%
Roseau
13.6%
Roentgenium
12.3%

You're not logged in!

Compare scores with friends on all Sporcle quizzes.
OR
Log In

Sporcle TV

Today on Sporcle TV


Watch our educational content, quiz creation guides, and fun videos on Sporcle TV.

Show Comments

Extras

Top Quizzes Today


Score Distribution

Paid Content

Your Account Isn't Verified!

In order to create a playlist on Sporcle, you need to verify the email address you used during registration. Go to your Sporcle Settings to finish the process.

Report this User

Report this user for behavior that violates our Community Guidelines.

Details: